Sincerely, - Kali Uchis (Tracklist) - Statistics

General Stats
  • This quiz has been taken 46 times
  • The average score is 10 of 14
Answer Stats
TRACKS % Correct
Heaven Is A Home...
94%
All I Can Say
81%
ILYSMIH
81%
Sugar! Honey! Love!
75%
Sunshine & Rain...
75%
Territorial
75%
It's Just Us
72%
Angels All Around Me...
69%
Daggers!
69%
For: You
69%
Lose My Cool,
69%
Breeze!
66%
Silk Lingerie,
66%
Fall Apart,
53%
No matching quizzes found
Score Distribution
Percent of People with Each Score
Percentile by Number Answered
Your Score History
You have not taken this quiz